Normal view
MARC view
Entry Personal Name
001 - CONTROL NUMBER
- control field: 51565
003 - CONTROL NUMBER IDENTIFIER
- control field: ARRUPE
005 - DATE AND TIME OF LATEST TRANSACTION
- control field: 20220513083929.0
008 - FIXED-LENGTH DATA ELEMENTS
- fixed length control field: 220513|| aca||aabn | a|a d
040 ## - CATALOGING SOURCE
- Original cataloging agency: ARRUPE
- Transcribing agency: ARRUPE
100 ## - HEADING--PERSONAL NAME
- Personal name: Rose, Steven P. R.
- Fuller form of name: (Steven Peter Russell),
- Dates associated with a name: 1938-
670 ## - SOURCE DATA FOUND
- Source citation: Work cat.: (ARRUPE)131420: Rose, Steven P. R. (Steven Peter Russell), 1938-, The making of memory :, 2003.